Neighborhoods of Brooklyn - Statistics

General Stats
  • This quiz has been taken 139 times
  • The average score is 25 of 57
Answer Stats
Answer % Correct
Coney Island
85%
Williamsburg
85%
Bedford-Stuyvesant
78%
Park Slope
78%
Flatbush
76%
Dumbo
74%
Bay Ridge
71%
Canarsie
69%
East New York
69%
Bensonhurst
67%
Red Hook
67%
Bushwick
65%
Crown Heights
65%
Sheepshead Bay
65%
Brighton Beach
64%
Brooklyn Heights
63%
Brownsville
58%
Greenpoint
58%
Sunset Park
58%
Gravesend
56%
Midwood
53%
Borough Park
50%
Dyker Heights
50%
East Flatbush
50%
Cobble Hill
49%
Fort Greene
49%
Kensington
49%
Prospect Heights
49%
Manhattan Beach
47%
Gowanus
46%
Windsor Terrace
42%
Flatlands
40%
Clinton Hill
39%
Bath Beach
38%
Marine Park
38%
Mill Basin
38%
Prospect Leffert Gardens
38%
Seagate
35%
Vinegar Hill
35%
Boerum Hill
32%
Cypress Hills
32%
Bergen Beach
29%
South Slope
29%
Caroll Gardens
28%
Gerritsen Beach
25%
Ocean Hill
19%
Homecrest
14%
Homecrest
14%
Mapleton
14%
Greenwood Heights
13%
Columbia Street Waterfront District
10%
Weeksville
10%
Farragut
8%
Plumb Beach
7%
Wingate
6%
Beverley Square East
1%
Beverley Square West
1%
No matching quizzes found
Score Distribution
Percent of People with Each Score
Percentile by Number Answered
Your Score History
You have not taken this quiz